Top 10 Biggest Canadian Metropolitan Areas - Statistics

General Stats
  • This quiz has been taken 29 times
  • The average score is 8 of 10
Answer Stats
Answer Hint % Correct
Toronto 6,600,000
100%
Vancouver 2,900,000
100%
Calgary 1,400,000
96%
Edmonton 1,400,000
96%
Montreal 4,500,000
96%
Ottawa 1,500,000
93%
Quebec City 800,000
93%
Winnipeg 900,000
85%
Hamilton 800,000
56%
Kitchener 600,000
30%
No matching quizzes found
Score Distribution
Percent of People with Each Score
Percentile by Number Answered
Your Score History
You have not taken this quiz